| 000 | 00544nam a22002177a 4500 | ||
|---|---|---|---|
| 003 | OSt | ||
| 005 | 20170424145739.0 | ||
| 008 | 170424b xxu||||| |||| 00| 0 eng d | ||
| 020 | _a0750613335 | ||
| 040 | _cDDC | ||
| 082 | _a596 MAI 1986 | ||
| 100 |
_aMaitland G.D. _911131 |
||
| 245 | _aVertebral Manipulation | ||
| 250 | _a5th ed. | ||
| 260 | _aOxford; Butterworth, 1986 | ||
| 300 | _ax,390p ill: 26cm | ||
| 504 | _aBibliograhy, & index included | ||
| 650 |
_aVertebral _912117 |
||
| 650 |
_aPhysiotherapy _91959 |
||
| 942 |
_2z _cO_SHELF |
||
| 999 |
_c5833 _d5833 |
||